Affluents du Rhône - Mort subite - Statistiques

Statistiques générales
  • Ce quiz a été pris 72 fois
  • Le résultat moyen est 6 sur 11
Answers on the Grid
Answers color-coded by a green-red scale on the quiz's grid according to % correct below.
La Durance
Le Tarn
La Marne
La Saône
L'Ardèche
La Sambre
Le Cher
La Moselle
La Drôme
La Sionne
Le Gardon
L'Allier
La Save
Le Gers
L'Ouvèze
L'Isère
L'Ain
Le Lot
L'Arve
La Cère
La Cèze
La Semois
Le Loiret
La Mayenne
 
Statistiques - réponses
Réponse % Correct
La Durance
100%
La Saône
75%
La Drôme
63%
L'Ardèche
63%
L'Isère
63%
L'Ain
50%
Le Gardon
50%
L'Arve
38%
La Cèze
25%
L'Ouvèze
25%
La Sionne
13%
Aucun quiz correspondant
Distribution des résultats
% des personnes avec chaque résultat
Percentile par nombre de réponses
Votre historique - résultats
Vous n’avez pas pris ce quiz